Prueba rápida de matemáticas - prueba corta de matemáticas - Quiz 16 - Estadísticas

Estadísticas generales
  • Esta prueba ha sido intentada 40 veces
  • La puntuación promedio es 19 de 20
Estadísticas de respuestas
Hint Respuesta % Correcto
57 114
100%
96 192
100%
133 266
100%
43 86
100%
83 166
97%
89 178
97%
90 180
97%
12 24
97%
134 268
97%
15 30
97%
157 314
97%
17 34
97%
189 378
97%
201 402
97%
266 532
97%
325 650
97%
167 334
95%
177 354
95%
289 578
95%
389 778
95%
No se encontraron pruebas coincidentes
Distribución de puntuación
Porcentaje de gente con cada puntuación
Porcentaje por número respondido
Historial de tus puntuaciones
No has intentado esta prueba.